Songs from RENT - Statistics

General Stats
  • This quiz has been taken 266 times
  • The average score is 23 of 43
Answer Stats
# Song % Correct
4 Rent
95%
26 Seasons of Love
91%
23 La Vie Boheme
87%
8 Light My Candle
83%
14 Out Tonight
78%
12 Tango: Maureen
76%
31 Take Me or Leave Me
75%
19 I'll Cover You
74%
18 Santa Fe
72%
10 Today For You
71%
22 Over The Moon
69%
7 One Song Glory
67%
36 I'll Cover You (Reprise)
60%
24 I Should Tell You
60%
39 What You Own
60%
11 You'll See
57%
25 La Vie Boheme B
56%
33 Seasons of Love B
56%
16 Will I?
54%
15 Another Day
53%
41 Finale A
53%
43 Finale B
53%
42 Your Eyes
53%
13 Support Group
51%
37 Halloween
49%
34 Without You
49%
38 Goodbye Love
48%
21 Christmas Bells
47%
2 Voice Mail #1
47%
9 Voice Mail #2
46%
28 Voice Mail #3
44%
29 Voice Mail #4
41%
1 Tune Up A
40%
3 Tune Up B
40%
32 Voice Mail #5
38%
6 Tune Up (Reprise)
34%
40 Voice Mail #6
33%
35 Contact
31%
27 Happy New Year A
31%
30 Happy New Year B
29%
5 You Okay Honey?
28%
20 We're Okay
27%
17 On The Street
22%
No matching quizzes found
Score Distribution
Percent of People with Each Score
Percentile by Number Answered
Your Score History
You have not taken this quiz